| 000 | 01358nam a2200301 a 4500 | ||
|---|---|---|---|
| 001 | 991028767569706706 | ||
| 003 | ES-BaIT | ||
| 005 | 20260407100038.0 | ||
| 008 | 010822s192u spc|||||| 000 d|cat | ||
| 035 | _a(ES-BaCBU).b1753138x | ||
| 035 | _a(OCoLC)805598947 | ||
| 040 |
_aES-BaBC _bcat _cES-BaBC |
||
| 080 | _a849.9-2"19" | ||
| 100 | 1 |
_aOller, Narcís, _d1846-1930 _936839 |
|
| 245 | 1 | 0 |
_aRenyines d'enamorats : _bjoguina en dos actes ; seguida de tres monòlechs / _cNarcís Oller |
| 260 |
_aBarcelona : _bIlustració Catalana, _c[192-?] |
||
| 300 |
_a88 p. ; _c19 cm |
||
| 500 | _aP6: D2, H4 | ||
| 505 | 8 | _aConté: Desmemoriat? / monòlech de Ch. Gross ; adaptació de Narcís Oller [P1: H1 ]-- La cambrera / monòlech de Ch. Gross ; adaptació de Narcís Oller [P1: D1] -- El rosset / monòlech original de Narcís Oller [P1: D1] | |
| 593 |
_b13979-N. _cPàgines sense relligar. _fCompra a Llibreria Millà, topogàfic C. Millà O3-2695. _hLlibreria Millà |
||
| 700 | 0 |
_aMolière, _d1622-1673. _tDépit amoureux _976029 |
|
| 856 | 4 | 2 |
_3Fitxa del catàleg manual _uhttp://www.cdmae.cat/sedo/imgtitulos/060/P0000876.gif |
| 856 | 4 | 2 |
_3Fitxa del catàleg manual _uhttp://www.cdmae.cat/sedo/imgtitulos/060/P0000877.gif |
| 902 | _aPatrimoni | ||
| 908 |
_aAHCB _aBAB _aBC _aBPA _aCEC _aRABL _aURV _aBMVB _aBMON |
||
| 940 | _aBC | ||
| 942 |
_2udc _c1 |
||
| 999 |
_c137347 _d137347 |
||